ASTROLOGY FOR OVERCOMING CANCER (Record no. 8551)

MARC details
000 -LEADER
fixed length control field 00297nam a22001337a 4500
003 - CONTROL NUMBER IDENTIFIER
control field SGT
082 ## - DEWEY DECIMAL CLASSIFICATION NUMBER
Classification number 616.994
Item number A08T
100 ## - MAIN ENTRY--PERSONAL NAME
Personal name TRIVEDI, MRIDULA
245 ## - TITLE STATEMENT
Title ASTROLOGY FOR OVERCOMING CANCER
260 ## - PUBLICATION, DISTRIBUTION, ETC. (IMPRINT)
Place of publication, distribution, etc VARANASI
Name of publisher, distributor, etc CHAUKHAMBHA PUB
Year of Publication 2008
300 ## - PAGE DESCRIPTION
No. of Pages 405
650 ## - SUBJECT ADDED ENTRY--TOPICAL TERM
Topical term or geographic name as entry element AYURVEDA
942 ## - ADDED ENTRY ELEMENTS (KOHA)
Source of classification or shelving scheme Dewey Decimal Classification
Koha item type Books
Holdings
Withdrawn status Lost status Source of classification or shelving scheme Damaged status Not for loan Collection code Home library Current library Shelving location Date acquired Vendor Name Cost, normal purchase price SGTU Bill Number Total Checkouts Full call number Accession No. (Barcode) Date last seen Date last borrowed Bill Date Koha item type Use restrictions
    Dewey Decimal Classification     AYURVEDA SGT FA-FP Library SGT FA-FP Library Text Book 22/03/2016 CHAUKHAMBHA 850.00 SGTU CP/B/776 1 616.994 A08T FA4071 20/08/2021 27/07/2021 05/01/2016 Books  
    Dewey Decimal Classification     AYURVEDA SGT FA-FP Library SGT FA-FP Library Reference Book 22/03/2016 CHAUKHAMBHA 850.00 SGTU CP/B/776   616.994 A08T FA4072 22/03/2016   05/01/2016 Books Restricted Access
    Dewey Decimal Classification     AYURVEDA SGT FA-FP Library SGT FA-FP Library Text Book 22/03/2016 CHAUKHAMBHA 850.00 SGTU CP/B/776   616.994 A08T FA4073 22/03/2016   05/01/2016 Books  
    Dewey Decimal Classification     AYURVEDA SGT FA-FP Library SGT FA-FP Library Text Book 22/03/2016 CHAUKHAMBHA 850.00 SGTU CP/B/776   616.994 A08T FA4074 22/03/2016   05/01/2016 Books  
    Dewey Decimal Classification     AYURVEDA SGT FA-FP Library SGT FA-FP Library Text Book 22/03/2016 CHAUKHAMBHA 850.00 SGTU CP/B/776 1 616.994 A08T FA4075 18/04/2017 25/03/2017 05/01/2016 Books